<?xml version="1.0" encoding="UTF-8"?>
<record
    xmlns:xsi="http://www.w3.org/2001/XMLSchema-instance"
    xsi:schemaLocation="http://www.loc.gov/MARC21/slim http://www.loc.gov/standards/marcxml/schema/MARC21slim.xsd"
    xmlns="http://www.loc.gov/MARC21/slim">

  <leader>00752nam a22002057a 4500</leader>
  <controlfield tag="005">20230617113434.0</controlfield>
  <controlfield tag="008">230617b           ||||| |||| 00| 0 eng d</controlfield>
  <datafield tag="020" ind1=" " ind2=" ">
    <subfield code="a">9788126421053</subfield>
  </datafield>
  <datafield tag="040" ind1=" " ind2=" ">
    <subfield code="c">AL</subfield>
  </datafield>
  <datafield tag="041" ind1=" " ind2=" ">
    <subfield code="a">mal</subfield>
  </datafield>
  <datafield tag="082" ind1=" " ind2=" ">
    <subfield code="2">23</subfield>
    <subfield code="a">894.8128</subfield>
    <subfield code="b">KARU</subfield>
  </datafield>
  <datafield tag="100" ind1=" " ind2=" ">
    <subfield code="a">M N Karassery: &#xD0E;&#xD02; &#xD23;&#xD4D; &#xD15;&#xD3E;&#xD30;&#xD36;&#xD4D;&#xD36;&#xD47;&#xD30;&#xD3F;  </subfield>
    <subfield code="9">124239</subfield>
  </datafield>
  <datafield tag="245" ind1=" " ind2=" ">
    <subfield code="a">Ummamarkkuvendi oru sankataharaji: &#xD09;&#xD2E;&#xD4D;&#xD2E;&#xD2E;&#xD3E;&#xD7C;&#xD15;&#xD4D;&#xD15;&#xD41;&#xD35;&#xD47;&#xD23;&#xD4D;&#xD1F;&#xD3F; &#xD12;&#xD30;&#xD41; &#xD38;&#xD19;&#xD4D;&#xD15;&#xD1F;&#xD39;&#xD30;&#xD1C;&#xD3F; </subfield>
  </datafield>
  <datafield tag="260" ind1=" " ind2=" ">
    <subfield code="a">Kerala</subfield>
    <subfield code="b">D C Books</subfield>
    <subfield code="c">2008</subfield>
  </datafield>
  <datafield tag="300" ind1=" " ind2=" ">
    <subfield code="a">x,200p.</subfield>
    <subfield code="b">PB</subfield>
    <subfield code="c">21x14cm.</subfield>
  </datafield>
  <datafield tag="365" ind1=" " ind2=" ">
    <subfield code="2">Malayalam</subfield>
    <subfield code="b">100.00</subfield>
    <subfield code="c">&#x20B9;</subfield>
    <subfield code="d">100.00</subfield>
  </datafield>
  <datafield tag="650" ind1=" " ind2=" ">
    <subfield code="a">Malayalam Miscellaneous</subfield>
    <subfield code="9">124240</subfield>
  </datafield>
  <datafield tag="700" ind1=" " ind2=" ">
    <subfield code="a">KARASSERY (M N): &#xD15;&#xD3E;&#xD30;&#xD36;&#xD4D;&#xD36;&#xD47;&#xD30;&#xD3F; (&#xD0E;&#xD02;  &#xD23;&#xD4D;) </subfield>
    <subfield code="9">124241</subfield>
  </datafield>
  <datafield tag="942" ind1=" " ind2=" ">
    <subfield code="2">ddc</subfield>
    <subfield code="c">DB</subfield>
  </datafield>
  <datafield tag="999" ind1=" " ind2=" ">
    <subfield code="c">227565</subfield>
    <subfield code="d">227565</subfield>
  </datafield>
  <datafield tag="952" ind1=" " ind2=" ">
    <subfield code="0">0</subfield>
    <subfield code="1">0</subfield>
    <subfield code="2">ddc</subfield>
    <subfield code="4">0</subfield>
    <subfield code="7">0</subfield>
    <subfield code="8">OTH</subfield>
    <subfield code="a">AL</subfield>
    <subfield code="b">AL</subfield>
    <subfield code="d">2023-06-10</subfield>
    <subfield code="l">1</subfield>
    <subfield code="o">894.8128 KARU</subfield>
    <subfield code="p">D05777</subfield>
    <subfield code="r">2025-02-25 00:00:00</subfield>
    <subfield code="s">2025-02-14</subfield>
    <subfield code="v">100.00</subfield>
    <subfield code="w">2023-06-17</subfield>
    <subfield code="y">DB</subfield>
    <subfield code="z">Donated by Sara Abubakkar</subfield>
  </datafield>
</record>
